000 01761nam a2200409 a 4500
001 00382
003 DO-SdBNP
005 20180309105402.0
007 00382
008 091118s2012 dr 2012 000 0 spa d
020 _a9789945117233-(v.1)
020 _a9789945116397-(v.2)
040 _aBPMSU
_bspa
_cBPMSU
092 _a372.83
_bC348s, 2do 2012
100 1 _aCapellán Almonte, Fanny
245 1 0 _aSociedad 2 :
_beducación básica /
_cFanny Capellán Almonte ; dirección editorial Obdulia García de Escobar ; editora Margarita Castro Catrain
260 _aSanto Domingo :
_bSantillana,
_c2012.
300 _a2 v. :
_bil., mapas., retrs. ;
_c28 cm.
490 1 _aInnova
500 _aLa biblioteca posee el libro y la guía
505 _tUnidad 1.
_tLa familia y la escuela --
_tUnidad 2.
_tBarrio y comunidad --
_tUnidad 3.
_tNecesidades y recursos --
_tUnidad 4.
_tOficios y profesiones --
_tUnidad 5.
_tLas comunicaciones --
_tUnidad 6.
_tLos transportes --
_tUnidad 7.
_tLas normas y las leyes --
_tUnidad 8.
_tLa República Dominicana.
650 4 _aCIENCIAS SOCIALES
_xENSEÑANZA BÁSICA
650 4 _aCIENCIAS SOCIALES
_xEDUCACIÓN PRIMARIA
650 4 _aCIENCIAS SOCIALES
_xLIBROS DE TEXTOS
650 4 _aCIENCIAS SOCILAES
_xESTUDIOS Y EJERCICIOS
650 4 _aEDUCACIÓN PRIMARIA
_zREPÚBLICA DOMINICANA
700 1 2 _aGarcía de Escobar, Obdulia,
_eed.
700 1 2 _aCastro Catrain, Margarita,
_eed.
830 0 _aInnova
910 _aValidado. Control de calidad MFF
930 1 _lBND01
_mLF1
_820091130
_f04
_pOI
_g8658
942 _2ddc
_cBK
945 _aRemanejado para BNPHU / 2018 BT
956 _aYLOCKWARD
_b10
_c20150617
_lBND01
_h1122
956 _aVMATEO
_b10
_c20150617
_lBMET02
_h00151
956 _aBTAVÁREZ
_b10
_c20160513
_l00382
999 _c10132
_d10132